| Tag |
First Indicator |
Second Indicator |
Subfields |
| LEADER |
00000cam a22000001i 4500 |
| 001 |
in00004120513 |
| 005 |
20200117084842.0 |
| 006 |
m d f |
| 007 |
cr bn mmmapmmp |
| 008 |
091109s1976 dcu o f000 0 eng d |
| 035 |
|
|
|a cis2007527921
|
| 040 |
|
|
|a UMI
|b eng
|e rda
|c UMI
|d UtOrBLW
|
| 043 |
|
|
|a poxd---
|
| 110 |
1 |
|
|a United States.
|b Congress.
|b Senate.
|b Committee on Foreign Relations,
|e issuing body.
|0 http://id.loc.gov/authorities/names/n78008230
|
| 245 |
1 |
0 |
|a Covenant To Establish a Commonwealth of the Northern Mariana Islands in Political Union with the U.S.A.
|
| 264 |
|
1 |
|a [Washington :
|b U.S. G.P.O.],
|c 1976.
|
| 300 |
|
|
|a 76 pages, digital, PDF file.
|
| 336 |
|
|
|a text
|2 rdacontent
|b txt
|
| 337 |
|
|
|a computer
|b c
|2 rdamedia
|
| 338 |
|
|
|a online resource
|2 rdacarrier
|b cr
|
| 500 |
|
|
|a Record is based on bibliographic data in ProQuest Congressional Hearings Digital Collection (last viewed July 2018) Reuse except for individual research requires license from ProQuest, LLC.
|
| 538 |
|
|
|a System requirements: PDF reader software.
|
| 500 |
|
|
|a Electronic resource.
|
| 650 |
|
0 |
|a Treaties.
|0 http://id.loc.gov/authorities/subjects/sh85137207
|
| 651 |
|
0 |
|a Northern Mariana Islands.
|0 http://id.loc.gov/authorities/names/n78015606
|
| 776 |
0 |
8 |
|a United States. Congress. Senate. Committee on Foreign Relations
|t Covenant To Establish a Commonwealth of the Northern Mariana Islands in Political Union with the U.S.A.
|o 94 SFo-T.72
|
| 730 |
0 |
|
|a ProQuest U.S. Congressional Hearings Digital Collection.
|
| 856 |
4 |
0 |
|u http://proxy.library.tamu.edu/login?url=http://congressional.proquest.com/congcomp/getdoc?HEARING-ID=HRG-1976-FOR-0087
|y Electronic resource (PDF)
|t 0
|
| 999 |
f |
f |
|s 224b9b58-058f-3458-bbd9-a22c12aab16b
|i b54e466c-3ac4-3b4a-b69b-af9d5f633081
|t 0
|
| 952 |
f |
f |
|a Texas A&M University
|b College Station
|c Electronic Resources
|d Available Online
|t 0
|h No information provided
|
| 998 |
f |
f |
|t 0
|l Available Online
|